Quizzes
Events
Quiz Creation
Community
Videos
Private Events
Remove Ads
Sign In
Join for FREE
Feedback
Dark Mode
Quiz Categories
Sports
Geography
Music
Movies
Television
Just For Fun
Miscellaneous
History
Literature
Language
Science
Gaming
Entertainment
Religion
Holiday
For Kids
Quiz Lab
Recent
Popular Today
Quiz Kudos Today
Editor Picks
Curator Picks
Quizzes by...
Day
Popularity
Type
Ratings
Length
Year
Community
Subscriptions
Recent Discussions
Orange Saloon
Badges
Playlists
Quests
Create
Leaderboards
Showdown
Live 5
Trivia Bingo
Activity
Puzzle Library
Sporcle Events
Private Events
Virtual Trivia
Globe League
Become a Host
Pub Owners
SporcleCon
Opinionation
Our Games
Videos
Blog
Mobile Apps
Partnerships
Remove Ads and Go Orange
Feedback
Sports
Athletes
MLB
NBA
NHL
NFL
Soccer
Sports Teams
WWE
NCAA
Football
Premier League
Basketball
Baseball
Hockey
Golf
Tennis
Cricket
Rugby
Auto Racing
Olympics
World Cup
Sports
Athletes
MLB
NBA
NHL
NFL
Soccer
Sports Teams
WWE
NCAA
Football
Premier League
Basketball
Baseball
Hockey
Golf
Tennis
Cricket
Rugby
Auto Racing
Olympics
World Cup
Random Quiz
Search Sporcle
×
Quiz Lab
Quiz Lab
Sports
original
Type in answers that appear in a list
Type in answers that appear in a list
Classic
Best Score? Go Orange.
ESPN Network Shows (IMPOSSIBLE) Stats
Can you name the Shows Broadcasted By ESPN?
By
jeffistheman
20m
117 Questions
98 Plays
98 Plays
98 Plays
Comments
Comments
Give Quiz Kudos
Give Quiz Kudos
-
- Ratings
hide this ad
Replay
Link that replays current quiz
Next Quiz
Link to next quiz in quiz playlist
You Got
0%
They Got
Avg Score
15%
Avg Friend Score
Upgrade to see
Score Distribution
Jump to the score distribution portion of the page
Score
0/117
Timer
20:00
0
Plays Today
Original Run
Show/Film
% Correct
1979-
Present
SportsCenter
92.9%
1982-
Present
NBA on ESPN
77.6%
2002-
Present
Around The Horn
76.5%
2001-
Present
Parden the Interruption
75.5%
1990-
Present
ESPN Major League Baseball
68.4%
2008-
Present
First Take
64.9%
1970-
Present
Monday Night Football
63.3%
1990-
Present
Baseball Tonight
60.2%
1982-
Present
ESPN College Football
57.1%
1990-
Present
Outside The Lines
57.1%
1992-
2004
ESPN National Hockey Night
55.1%
1998-
Present
NFL Live
55.1%
2009-
Present
30 for 30
50%
2005-
Present
College Game Day (Basketball)
50%
1987-
Present
College Game Day (Football)
50%
2007-
Present
E: 60
49%
1979-
Present
College Basketball on ESPN
45.9%
1985-
Present
Sunday NFL Countdown
44.9%
2009-
Present
SportsNation
43.9%
2003-
Present
Jim Rome Is Burning
40.8%
1988-
Present
The Sports Reporters
38.8%
2004-
2006
Stump the Schwab
35.7%
1998-
2008
Cold Pizza
35.1%
1990-
Present
Sunday Night Baseball
33.7%
1987-
2006
ESPN Sunday Night Football
33.7%
1987-
Present
NFL Primetime
31.6%
2008-
Present
Mike and Mike in the Morning
30.6%
1993-
Present
Monday Night Countdown
26.5%
1996-
Present
ESPN Major League Soccer
25.5%
1961-
Present
NASCAR on ESPN
25.5%
2007-
Present
College Football Live
22.4%
2002-
Present
Monday Night Baseball
19.4%
1990-
Present
Wednesday Night Baseball
19.4%
2003-
Present
1st and 10
18.4%
2011-
Present
Numbers Never Lie
18.4%
1970-
Present
World Series of Poker
16.3%
2011-
Present
NFL 32
16.3%
1980-
Present
Golf on ESPN
15.3%
2009-
Present
Scott Van Pelt show
13.5%
Original Run
Show/Film
% Correct
2011-
Present
Dan Le Batard is Highly Questionable
13.3%
2002-
Present
NBA Shootaround
13.3%
2000-
2001
2 Minute Drill
12.2%
2003
Playmakers
12.2%
1993-
Present
NFL Matchup
11.2%
2006-
Present
World Cup Live
11.2%
1987-
Present
Big Monday
8.2%
1981-
2001
Up Close
8.2%
2001-
Present
College Football Scoreboard
7.1%
2006-
Present
NBA Fastbreak
7.1%
1985-
1990
AWA Championship Wrestling
6.1%
2004-
2006
Dream Job
6.1%
2006-
Present
NBA Friday
6.1%
1993-
Present
ESPY Awards
6.1%
2007-
2008
Arena Football League on ESPN
5.1%
2005-
Present
The Blitz
5.1%
2006
Bonds on Bonds
5.1%
1999-
Present
College Football Final
5.1%
2007-
Present
Sport Science
5.1%
2007
The Bronx Is Burning
4.1%
2002-
Present
NBA Wednesday
4.1%
2007-
2011
Red Bull New Year No Limits
4.1%
2002-
2003
Beg, Borrow & Deal
3.1%
1990-
1998
BodyShaping
3.1%
1984-
Present
ESPN College Football Saturday Primetime
3.1%
2011
The Fab Five
3.1%
2005
Madden Nation
3.1%
2007-
Present
NASCAR Countdown
3.1%
2005
Tilt
3.1%
2004
Who's No. 1?
3.1%
2005
Bound for Glory
2%
2007
The Contender Challenge (UK vs. USA)
2%
Present
ESPN College Football Thursday Primetime
2%
2006-
2007
ESPN Full Circle
2%
2000
The Life
2%
1994-
Present
Rivalry Week
2%
2002
A Season on the Brink
2%
1983-
1997
SpeedWeek
2%
1993-
Present
Super Tuesday
2%
Original Run
Show/Film
% Correct
2005-
2006
Battle of the Gridiron Stars
1%
1986-
Present
Championship Week
1%
2005
City Slam
1%
2006
Knight School
1%
2009
MLS Game of the Week
1%
1990-
Present
NBA Action
1%
1999-
Present
NFL's Greatest Games
1%
1993
Radical Outdoor Challenge
1%
2005-
Present
Saturday Primetime
1%
2005
Shaquille
1%
1994-
1995
Sports on Tap
1%
2005-
2006
The Trifecta
1%
2002
Unscripted with Chris Connelly
1%
2010-
Present
Winners Bracket
1%
1987-
1990
Canadian Football Newtwork
0%
1990-
1999
Co-ed Training
0%
2006
The Contender 2
0%
2007
The Contender 3
0%
2008-
2010
Disney's Wild World of Sports Challenge
0%
1990-
1999
Fitness Beach
0%
2007-
Present
Futbol Picante
0%
1991-
1994
Global Wrestling Federation
0%
2005-
Present
High School Showcase
0%
2002-
2005
I'd Do Anything
0%
2009
Kobe Doin' Work
0%
1990
National Football League Quarterback Challenge
0%
1997
Margarita Bowl
0%
2005-
Present
Nokia Football Crazy
0%
1998
Pro Wrestling Report
0%
2007
Pro-Am Poker Equilizer
0%
2009
Saturday Night Thunder
0%
1996
ESPN Speedworld
0%
2006
Super Bowl at XL
0%
2011
Talk of the Terrace
0%
2000-
Present
Thoroughbred Racing on ESPN
0%
2003-
Present
Thursday Night Showcase
0%
1964-
2009
Top Rank
0%
1982-
1983
United States Football League on television
0%
2003-
Present
Wednesday Night Hoops
0%
Quiz Playlist
Details
Report
Send in Message
Add To Playlist
Classic:
Type in answers that appear in a list
Last Updated: Feb 16, 2017
Quiz Scoreboard
CHALLENGE
Sign Up to Join the Scoreboard
Show All
Scores
Hide
Comments
May contain spoilers
Recently Published
1-10 Letter E Words III
by El_Dandy
Language
2m
One Thing in Common: World Cities II
by knightlancer
Geography
7m
Popular People in 1961
by mucciniale
History
6m
More to Explore
Quiz From the Vault
Featured Blog Post
Where Did the Easter Bunny Come From?
hide this ad
You Might Also Like...
Tags
Broadcasted
impossible
original
run
Running
Today's Top Quizzes in Sports
Browse Sports
hide this ad
Today's Top Quizzes in original
Browse original
Top Contributed Quizzes in Sports
1
Les meilleurs buteurs des matchs entre le PSG et l’OM
2
Les entraîneurs de l'OM et du PSG au 21e siècle
3
2022 World Cup Stars
4
FIFA Club World Cup Champions
5
Name the Premier League winners with different clubs
6
La finale Lions - Afrique du Sud 2021
7
Criteria MLB: Left Handed Sluggers
8
Players with Multiple 50 Home Run Seasons
9
MLB Players with Two .350 Batting Average Seasons
10
MLB Hall of Famer by Rings
Explore More
Trending Topics
NBA
Marvel
Kpop
Disney
Crossword
Anime
Harry Potter
Song
Pokémon
The Office
Soccer
WWE
NFL
Puzzle
Country
hide this ad
More By:
jeffistheman
Quiz
Plays
Rating
Category
Featured
Created
ESPN Networks
1,974
2.78
Entertainment
Dec 17, 2011
Ivy League Athletic Nicknames
176
4.00
Sports
Dec 19, 2011
Same Team New Name- NHL, NBA, NFL, MLB
173
4.17
Sports
Dec 19, 2011
ESPN Network Shows (IMPOSSIBLE)
98
4.67
Sports
Dec 17, 2011
NHL Trophies & Awards
72
3.00
Sports
Dec 19, 2011
Go to Creator's Profile
Score Distribution
Quiz Creator Spotlight
jeffistheman
Follow
Send a Message
Quizzes Created
-
Created Quiz Play Count
-
More By This Creator
Popular Quizzes Today
1
Find the US States - No Outlines Minefield
2
The Countries of the World
3
Find the Countries of Europe - No Outlines Minefield
4
Popular People in 1961
5
1-10 Letter E Words III
6
Find the US States
7
One Thing in Common: World Cities II
8
US States
More Sports Quizzes
Победители Кубка Англии
Quiz Lab
Trending Quizzes
Risky Map Clicking: Least Populous States A-Z
1-10 Letter F Words
1-10 Letter G Words
One Thing in Common: United Kingdom
Risky Map Clicking: Next State Alphabetically
Recently Updated
Leaping Animals
pecheneg
Reality TV Shows (A-Z)
bhenderson79
Rickey Henderson's Hall of Fame Teammates
pecheneg
Champions League XIs: Arsenal
pecheneg
Quick Pick: Celebrities in WWE's Hall of Fame
aduchscher
A-Z Keypad Blitz II
pecheneg
Multiple Oscar Actors
pecheneg
Mystery Phrase Blitz: Oscar 'Best Actors'
pecheneg
F. Scott Fitzgerald Novels
LTH
Pick 3 Villains
ddd62291
Trending Topics
Kpop
NBA
Crossword
Disney
Harry Potter
Anime
Marvel
Country
The Office
Song
Puzzle
Pokémon
WWE
Soccer
NFL
Your Account Isn't Verified!
In order to create a playlist on Sporcle, you need to verify the email address you used during registration. Go to your
Sporcle Settings
to finish the process.
Report this User
Report this user for behavior that violates our
Community Guidelines
.
Details:
Send Report
Go to the Sporcle.com Mobile Site →
Comments